000 00301nam a2200109Ia 4500
008 200302s9999 xx 000 0 und d
100 _aPaul Goldberger
245 _aCesar Pelli Buildings and Projects 1965-1990
260 _bRizzoli International Publications, Inc.
260 _c1990
300 _a288 P.,
999 _c1124
_d1124